00339nam a22001217a 4500003000400000020001800004082001800022100003200040245005700072260005900129300001200188650001700200SGT a9781455710942 a617.525bT11H a Harry Dym, Orrett E. Ogle aTechnological Advances in Dentistry and Oral Surgery aLondon, United KingdombElsevier Health Sciencesc2011 a419-648 aOral Surgery